000 00444nam a2200181Ia 4500
003 GCL
008 140319s9999 xx 000 0 eng d
040 _aGCL /
_cGCL
082 0 4 _aCC
_b962.02
_bB D
100 1 _aBEAUCOUR, FERNAND
245 1 0 _aTHE DISCOVERY OF EGYPT /
_cBEAUCOUR, FERNAND
260 _a[S.N] :
_bflom marion ،
_c1990
300 _a271
650 0 4 _aEGYPT
650 0 4 _aHISTORY
650 0 4 _aEGYPTOLOGY
942 _2ddc
_cBK
999 _c17678
_d17678